Deutsche Autokennzeichen #1 - Statistiken

Allgemein
  • Dieses Quiz wurde 347 mal gespielt
  • Das Durchschnittsergebnis liegt bei 18 aus 24
Antwortstatistiken
Kennzeichen Stadt/Landkreis % Korrekt
B Berlin
99%
HH Freie und Hansestadt Hamburg
99%
LEV Leverkusen
96%
F Frankfurt am Main
94%
M München
94%
E Essen
93%
S Stuttgart
89%
DO Dortmund
88%
RÜG Rügen
88%
Göttingen
82%
KI Kiel
80%
DD Dresden
78%
OS Osnabrück
78%
L Leipzig
77%
MZ Mainz
77%
AC Aachen
75%
IN Ingolstadt
75%
HB Hansestadt Bremen
70%
MD Magdeburg
64%
SB Saarbrücken
51%
CB Cottbus
49%
KL Kaiserslautern
43%
KN Konstanz
28%
WE Weimar
19%
Keine übereinstimmenden Quizze gefunden
Verteilung der Resultate
Anzahl Personen mit jedem Resultat
Perzentil nach korrekt beantworteten Fragen
Ihre Resultats-Entwicklung
Sie haben dieses Quiz noch nicht gespielt